1966 1026 1885 1924 1473 1450 1774 1803 1767 1986 1008 1844 1200 1405 1950 1421 1842 1700 1189 1986 1671 1745 1684 1967 1806 1111 1473 1577 1749 1344 1346 1615 1212 1914 1938 1062 1335 1053 1356 1471 1973 1976 1538 1119 1534 1987 1229 1067 1916 1842 1881 1462 1713 1235 1536 1230 1289 1953 1757 1114 1536 1170 1702 1206 1220 1469 1954 1316 1446 1735 1258 1489 1170 1374 1515 1217 1589 1817 1627 1907 1071 1948 1307 1692 1816 1736 1391 1621 1668 1489 1483 1233 1095 1362 1073 1569 1645 1170 1782 BCNSPRNW ULIB Ver.6.0+V

เปลี่ยนเป็นภาษาไทย

Change to English
 แสดงรายละเอียดบรรณานุกรม
  กลับหน้าหลัก

Brief Record : Get Marc (ISO 2709) : E-mail record : QR code < ปิดหน้าต่าง
LEADER : 00000nam 2200000uu 4500
001    13399115033
003     ULIB
008    020711s2551 th a 000 0 tha d
020    ^a9789741084876
050    ^aBF636^bส231ต
100    ^aสม สุจิรา
245    ^aตอบปัญหาวิชาใจ/^cสม สุจิรา
260    ^aกรุงเทพฯ :^bอมรินทร์ธรรมมะ,^c2551
945    ^p189^l0^i024657
999    ^aวรรณษา ชูชัยมงคล
รายการนี้ยังไม่มีแท็ก
คุณยังไม่ได้ล็อกอิน คุณสามารถมีกิจกรรมร่วมกับเว็บไซต์ได้ แต่ต้องล็อกอินก่อน ::
  ล็อกอิน

รายการสื่อสารสนเทศ

ลำดับที่ ประเภท เลขเรียก/บาร์โค้ด สถานที่ สถานะ
- ไม่พบข้อมูล -

BibComment


ยังไม่เคยถูกคอมเมนท์

คอมเมนท์ทรัพยากรรายการนี้
  คอมเมนท์: ตอบปัญหาวิชาใจ ส..


 Copyright 2026. Bcnsprnw @Library